Né en Auvergne-Rhône-Alpes (sans Lyon) - Statistiques

Statistiques générales
  • Ce quiz a été pris 66 fois
    9 depuis la dernière actualisation
  • Le résultat moyen est 6 sur 43
Statistiques - réponses
Indication Réponse % Correct
Actrice, "Le Fabuleux Destin d'Amélie Poulain" "Da Vinci Code" "Coco avant Chanel" Beaumont 1976 Audrey Tautou
56%
Scientifique, son nom est donné à l'unité de pression dans le système international Clermont-Ferrand 1623 Blaise Pascal
56%
Industriel et fondateur d'un fabricant de pneumatiques Clermont-Ferrand 1859 Édouard Michelin
56%
Président de France de 1969 à sa mort en 1974 Montboudif 1911 Georges Pompidou
56%
Sélectionneur de l'équipe de France de 1993 à 1998 et notamment connu pour avoir remporté la Coupe du monde 1998 Sail-sous-Couzan 1941 Aimé Jacquet
44%
Cuisinier qui est considéré comme un des plus grands chefs cuisiniers Collonges-au-Mont-d'Or 1926 Paul Bocuse
44%
Premier ministre de France du septembre au décembre 2024 La Tronche 1951 Michel Barnier
33%
Premier secrétaire du Parti socialiste depuis 2018 Tronche 1968 Olivier Faure
33%
Pilote automobile et quadruple champion du monde de Formule 1 Lorette 1955 Alain Prost
22%
Fondateur du groupe Casino, son nom a été donné au stade de l'AS Saint-Étienne Feurs 1867 Geoffroy Guichard
22%
Ancien gardien de but de football international français (Lyon, Saint-Étienne, PSG et Atlético Madrid) Puy-en-Velay 1972 Grégory Coupet
22%
Patineur artistique de danse sur glace et premier patineur à gagner deux titres olympiques consécutifs avec deux partenaires différentes Montbrison 1994 Guillaume Cizeron
22%
Compositeur, "Symphonie fantastique" "Roméo et Juliette" La Côte-Saint-André 1803 Hector Berlioz
22%
Réalisateur, "Le Fabuleux Destin d'Amélie Poulain" "Delicatessen" "Alien, la résurrection" Le Coteau 1953 Jean-Pierre Jeunet
22%
Biethlète, championne du monde de la poursuite en 2023, championne du monde du relais mixte en 2021 et médaille d'argent du relais mixte aux Jeux olympiques en 2022 Albertville 1996 Julia Simon
22%
Président de France de 1899 à 1906 Marsanne 1838 Émile Loubet
11%
Actrice et mannequin, "Qu'est-ce qu'on a fait au Bon Dieu?" Annecy 1975 Fréderique Bel
11%
Football entraîneur et sélectionneur de l'équipe de France féminine Aix-les-Bains 1968 Hervé Renard
11%
Biathlète et médaille d'argent du sprint et championne du relais aux Jeux Olympiques de 2026 Chambéry 2002 Océane Michelon
11%
Acteur et humoriste, "Le Fabuleux Destin d'Amélie Poulain" "Delicatessen" "La Cité des enfants perdus" Riom 1942 Rufus
11%
Joueur de hockey sur glace et le premier Français à être sélectionné lors d'un repêchage de la LNH Saint-Martin-d'Hères 1999 Alexandre Texier
0%
Skieur alpin qui remporte le classement général de la Coupe du monde en 2021 et trois medailles olympiques Moûtiers 1991 Alexis Pinturault
0%
Biathlète et double médaillée d'argent aux Jeux olympiques en 2022 Saint-Martin-d'Hères 1993 Anaïs Chevalier-Bouchet
0%
Inventeur de la turbine hydraulique Saint-Étienne 1802 Benoît Forurneyron
0%
Biathlète et championne olympique du relais avec l'équipe en 2026 Évian-les-Bains 2000 Camille Bened
0%
Président fu Conseil du 1831 à sa mort en 1832 Grenoble 1777 Casimir Perier
0%
Footballeur international français (Olympique Lyon) Tarare 1994 Corentin Tolisso
0%
Footballeuse internationale française (Wave de San Diego) Saint-Priest 1997 Delphine Cascarino
0%
Biathlète et double médaillé d'argent aux Jeux olympiques de 2022 Grenoble 1995 Émilien Jacquelin
0%
Biathlète franco-norvégien représentant la France et champion du monde de l'individuel en 2025 Bourg-Saint-Maurice 2001 Éric Perrot
0%
Footballeuse internationale française (Juventus) Saint-Priest 1997 Estelle Cascarino
0%
Footballeuse internationale française (Chelsea) Saint-Priest 1994 Ève Périsset
0%
Physicien, co-inventeur d'une technique d'amplification par dérive de fréquence qui reçoit le prix Nobel de physique en 2018 Albertville 1944 Gérard Mourou
0%
Sélectionneur de l'équipe de France de handball depuis 2020 Valence 1976 Guillaume Gille
0%
Directeur de Scuderia Ferrari de 1993 à 2008 et Président de Fédération internationale de l'automobile de 2009 à 2021 Pierrefort 1946 Jean Todt
0%
Footballeuse internationale française (Aston Villa) Sainte-Colombe 1991 Kenza Dali
0%
Joueuse de tennis qui remporte Wimbledon en 2013 Le Puy-en-Velay 1984 Marion Bartoli
0%
Footballeur international français (AC Milan) Chambéry 1986 Olivier Giroud
0%
Réalisateur, "Au hasard Balthazar" "Pickpocket" "Un condamné à mort s'est échappé" Bromont-Lamothe 1901 Robert Bresson
0%
Coureur cycliste, vainqueur de trois étapes du Tour de France et meilleur grimpeur du Tour de France 2019 Brioude 1990 Romain Bardet
0%
Skieuse alpine qui remporte la médaille d'argent du Super-G aux Jeux olympiques en 2026 Samoens 1994 Romane Miradoli
0%
Ancienne footballeuse international qui détient le record du nombre de sélections pour l'Équipe de France Saint-Agrève 1973 Sandrine Soubeyrand
0%
Ancien footballeur international français (Bayern Munich, Monaco et Saint-Étienne) Saint-Étienne 1977 Willy Sagnol
0%
Aucun quiz correspondant
Distribution des résultats
% des personnes avec chaque résultat
Percentile par nombre de réponses
Votre historique - résultats
Vous n’avez pas pris ce quiz depuis la dernière actualisation